| 000 | 01282nam a2200229Ia 4500 | ||
|---|---|---|---|
| 003 | Ost | ||
| 005 | 20260416102358.0 | ||
| 008 | 260416s9999||||xx |||||||||||||| ||und|| | ||
| 040 | _cfsecg | ||
| 041 | _aara | ||
| 082 | _a301.14 | ||
| 100 |
_aدراج، نبيلة صليحة _eمؤلف |
||
| 245 | 0 |
_a الاتصال وأنظمة المعلومات : _bموجه لطلبة السنة الثالثة ادارة اعمال / _c نبيلة صليحة دراج |
|
| 260 |
_aالجزائر _bجامعة الجزائر3: كلية العلوم الإقتصادية، العلوم التجارية وعلوم التسيير _c2021 |
||
| 300 |
_a112 ورقة _bايضاحات _c30 سم |
||
| 504 | _aمراجع ص. 106 | ||
| 520 | _aمدخل الى الاتصال في المؤسسة ، الاطار المفاهيمي للنظام و نظرية النظم ، الحاجة الى المعلومات في ظل مجتمع المعلومات و المعرفة ، أساسيات حول نظم المعلومات في المؤسسة . | ||
| 653 | _aالاتصال | ||
| 653 | _aنظم المعلومات | ||
| 710 |
_aجامعة الجزائر3: كلية العلوم الإقتصادية، العلوم التجارية وعلوم التسيير _eناشر علمي |
||
| 942 | _cHANDOUT | ||
| 999 |
_c41301 _d41301 |
||